000 00359nam a2200157Ia 4500
003 OSt
005 20240129162633.0
008 170524s9999 xx 000 0 und d
020 _a978-0131441392
040 _cIIMT UNIVERSITY
100 _aHERSEY.P
100 _c2011
245 0 _aMANAGEMENT OF ORGANIGATIONAL BEHAVIOR
260 _aPHI
942 _2ddc
_c01
999 _c2446
_d2446